00593nam a2200181Ia 4500003000900000008004100009020001800050040001600068080001900084100001900103245014200122260003800264300001800302650001400320650002900334650002900363650001900392IN-BaIIA211028s9999 xx 000 0 eng d a0-7129-0079-9 cIIA Library a[8]:01:00bBAI aBaily, Francis 3aAn account of the Revd. John Flamsteedbthe first astronomer-royal , compiled from his own manuscripts and other authenticcFrancis Baily aLondonbDawsons of Pallmallc1966 aIxxiii, 759p. abiography aBiography-John Flamsteed aJohn Flamsteed Biography aNASA Thesaurus